000 00221nam a2200097Ia 4500
008 170620s9999 xx 000 0 und d
100 _aChaurasia-B.D
245 0 _aHandbook of general anatomy
260 _bDelhi: cbs
260 _c2005
300 _a191
999 _c27684
_d27684